| 000 | 00358nam a2200145Ia 4500 | ||
|---|---|---|---|
| 008 | 230312s9999||||xx |||||||||||||| ||und|| | ||
| 020 | _a0-495-05031-8 | ||
| 082 |
_a791.4377 _bHAU-M |
||
| 100 | _aHausman;Carl | ||
| 245 | 0 | _aModern Radio Production | |
| 260 |
_bThomson _aUSA _c2007 |
||
| 300 | _a439 | ||
| 650 |
_aMass com _vMass Communication |
||
| 942 | _cBK | ||
| 999 |
_c11493 _d11493 |
||